000 00717nam a2200217 a 4500
008 951212s1981||||[C 0 slo c
020 _c15,50 Kčs.
_q(6000 výtl.)
040 _aSNK
_bslo
_cSNK
_eAACR2
041 1 _aslo
_hslo
044 _axo
_cSK
080 _a372.878(075.4)
100 1 _aPavlovská, Oľga
_4aut
245 1 0 _aHudobná výchova pre 1. a 2. ročník ľudových škôl uenia
_cOľga Pavlovská, Jolana Silvayová ; Dagmar Sedláčková
250 _a1., vyd.
260 _aBratislava
_bOpus
_c1981
_eBratislava
_fPravda
300 _a231 s., 10,26 AH
_bNoty.
_c21 cm
500 _aAbeced. zozn. piesní.
700 1 _aSilvayová, Jolana
_4aut
700 1 _aSedláčková, Dagmar
_4bkd
958 _aA
999 _c15140
_d15140